000 00473nam a2200169Ia 4500
003 LK-CoDNM
008 010623t xxu||||| |||| 00| 1 sin d
040 _aLK-CoDNM
_dLK-CoDNM
_eLK-CoDNM
041 _asin
080 _a294.3 RAT
100 _aRatnalankara Thero,Haggamuwe.
245 _aසිරි සම්බුදු සසුනැ - තුන
246 _aSiri Sambudu Sasune Mahanakama -3
260 _bRatna
_aColombo
300 _b400p., 21 cm
942 _cBK
999 _c142102
_d142102